[Event "Detroit (MI Action/2/19)"]
[Site "?"]
[Date "1996.??.??"]
[Round "?"]
[White "McAllister, Don"]
[Black "Ohlemacher, Scott"]
[Result "1-0"]
[WhiteElo "1605"]
[BlackElo "1605"]
[PlyCount "68"]
[EventDate "1996.??.??"]

{2/(19)} 1. e4 e5 2. Nf3 Nc6 3. Bc4 Bc5 4. O-O Nf6 5. d3 h6 6. Nc3 O-O 7. Re1
d6 8. h3 Be6 9. Bxe6 fxe6 10. Be3 Nd4 11. Bxd4 exd4 12. Na4 e5 13. Nxc5 dxc5
14. Nxe5 Qe8 15. Nc4 Qe6 16. e5 Nd5 17. Na5 Nf4 18. Qf3 Rab8 19. Nxb7 Nd5 20.
Qe4 Rxb7 21. b3 Rf4 22. Qe2 Rb8 23. Qd2 Rb5 24. c4 Rb4 25. cxd5 Qf5 26. Qc2 Qf8
27. e6 Rb5 28. e7 Rxf2 29. Qxf2 Qe8 30. Re2 Rb8 31. Rf1 c6 32. Qf8+ Qxf8 33.
Rxf8+ Rxf8 34. e8=Q Rxe8 $138 1-0

[Event "Flint (MI Jr/5/14)"]
[Site "?"]
[Date "1996.??.??"]
[Round "?"]
[White "McAllister, Don"]
[Black "Joyce, R."]
[Result "0-1"]
[WhiteElo "1605"]
[BlackElo "1605"]
[PlyCount "112"]
[EventDate "1996.??.??"]

{5/(14)} 1. e4 c6 2. Nf3 d5 3. e5 Bf5 4. d4 e6 5. Bg5 Be7 6. Bxe7 Qxe7 7. Be2
Qb4+ 8. Nbd2 Qxb2 9. O-O Bxc2 10. Qc1 Qxc1 11. Rfxc1 Bf5 12. Nh4 Nh6 13. Nxf5
Nxf5 14. Rab1 Nxd4 15. Bd3 b6 16. Nb3 Nxb3 17. Rxb3 O-O 18. Bc2 Nd7 19. Re1 f6
20. exf6 Rxf6 21. Rh3 h6 22. Bd1 Nc5 23. Ree3 Raf8 24. f3 Ne4 25. Bc2 Ng5 26.
Rg3 Nf7 27. Ba4 b5 28. Bb3 c5 29. a4 c4 30. Bc2 Rb8 31. axb5 Rxb5 32. Ba4 Rc5
33. Bd7 Nd8 34. Ba4 c3 35. Re2 d4 36. f4 Rxf4 37. Rd3 e5 38. Bb3+ Kh8 39. h3 a5
40. Kh2 Nc6 41. Rd1 Nb4 42. g3 Rf3 43. Kg2 Rd3 44. Rc1 Rc6 45. Rxe5 Rd2+ 46.
Kf3 c2 47. Rxa5 Rc3+ 48. Ke4 Rxb3 49. Raa1 Re3+ 50. Kf4 Nd3+ 51. Kf5 Nxc1 52.
Rxc1 Kh7 53. Kf4 g6 54. h4 h5 55. Kg5 Rf2 56. Rxc2 Re5# 0-1

[Event "Detroit (MI Action/4/15)"]
[Site "?"]
[Date "1996.??.??"]
[Round "?"]
[White "McAllister, Don"]
[Black "Choate, Eric"]
[Result "1-0"]
[WhiteElo "1605"]
[BlackElo "1605"]
[PlyCount "47"]
[EventDate "1996.??.??"]

{4/(15)} 1. e4 e5 2. Nf3 d6 3. h3 Nf6 4. Nc3 Nc6 5. Bc4 Be7 6. Ng5 O-O 7. d3 h6
8. Nf3 Nd4 9. Nxd4 exd4 10. Ne2 d5 11. exd5 Nxd5 12. Nxd4 Bf6 13. Nf3 Re8+ 14.
Be3 Nxe3 15. fxe3 Rxe3+ 16. Kd2 Qe7 17. Re1 Rxe1 18. Qxe1 Qxe1+ 19. Rxe1 Bxb2
20. d4 c6 21. Bd3 Bd7 22. Ne5 Rd8 23. Nxd7 Rxd7 24. Re8# 1-0

[Event "Detroit (MI Action/6/8)"]
[Site "?"]
[Date "1996.??.??"]
[Round "?"]
[White "McAllister, Don"]
[Black "Brown, W."]
[Result "1-0"]
[WhiteElo "1605"]
[BlackElo "1605"]
[PlyCount "71"]
[EventDate "1996.??.??"]

{6/(8)} 1. e4 c5 2. Nf3 Nc6 3. Bc4 d6 4. Ng5 Ne5 5. Qe2 e6 6. d3 Nxc4 7. dxc4
Be7 8. Nf3 e5 9. Nc3 Nf6 10. O-O O-O 11. Bg5 Be6 12. Bxf6 Bxf6 13. Nd5 Bxd5 14.
cxd5 Qd7 15. a3 Be7 16. Ne1 f5 17. Nd3 fxe4 18. Qxe4 Rac8 19. Rac1 c4 20. Nb4
a5 21. Na2 Rf4 22. Qe1 Qb5 23. b4 cxb3 24. Nc3 Qc5 25. cxb3 Qxa3 26. Nb5 Qxc1
27. Qxc1 Rxc1 28. Rxc1 Rd4 29. Nxd4 exd4 30. Rc7 d3 31. Rc1 Bg5 32. Rd1 d2 33.
g3 b5 34. f4 Bf6 35. Rxd2 Bc3 36. Ra2 {[Remainder unavailable]} 1-0

[Event "Eastpointe (EDO/1/3)"]
[Site "?"]
[Date "1996.??.??"]
[Round "?"]
[White "Mazuchowski, Tom"]
[Black "Wright, Walter"]
[Result "1-0"]
[WhiteElo "2140"]
[BlackElo "1605"]
[PlyCount "53"]
[EventDate "1996.??.??"]

{1/(3)} 1. e4 c5 2. Nf3 d6 3. d4 cxd4 4. Nxd4 Nf6 5. Nc3 a6 6. Bc4 Nc6 7. Nxc6
bxc6 8. e5 Ng4 9. e6 Ne5 10. exf7+ Nxf7 11. Bxf7+ Kxf7 12. Qf3+ Ke8 13. Qxc6+
Bd7 14. Qf3 g6 15. O-O Bg7 16. Nd5 Rc8 17. Bg5 Bf6 18. Bxf6 exf6 19. Nxf6+ Ke7
20. Nd5+ Ke8 21. Rfe1+ Be6 22. Rxe6+ Kd7 23. Rae1 Rxc2 24. Nf6+ Kc7 25. Re7+
Kb6 26. Rb7+ Ka5 27. Qa3# 1-0

[Event "Eastpointe (EDO/3/3)"]
[Site "?"]
[Date "1996.??.??"]
[Round "?"]
[White "Mazuchowski, Tom"]
[Black "Williams, Ron"]
[Result "1-0"]
[WhiteElo "2140"]
[BlackElo "1905"]
[PlyCount "123"]
[EventDate "1996.??.??"]

{3/(3)} 1. e4 c5 2. Nf3 Nc6 3. d4 cxd4 4. Nxd4 e6 5. Nc3 a6 6. Be3 Nge7 7. Be2
Nxd4 8. Qxd4 Nc6 9. Qb6 Bb4 10. Qxd8+ Nxd8 11. Kd2 b5 12. a3 Be7 13. f4 Bb7 14.
Bf3 Nc6 15. Ke2 d6 16. Kf2 Rc8 17. Na2 Na5 18. c3 Nc4 19. Bc1 a5 20. b3 Nb6 21.
Be3 Nd7 22. Rac1 Nc5 23. Bxc5 dxc5 24. Rhd1 Bc6 25. b4 axb4 26. cxb4 c4 27. Nc3
O-O 28. e5 Be8 29. Ne4 Rd8 30. Rxd8 Bxd8 31. Ke2 Bb6 32. Rd1 Bc7 33. Nc5 g6 34.
Na6 Bb6 35. Rd6 Bg1 36. g3 h5 37. h4 Kg7 38. Nc7 Kg8 39. Rd8 Bb6 40. Rxe8 Bxc7
41. Rxf8+ Kxf8 42. Bc6 c3 43. Bxb5 Bb6 44. Bd3 Ke7 45. a4 Kd8 46. a5 Bd4 47.
Bc2 Kc7 48. Kd3 Bf2 49. Kxc3 Bxg3 50. Ba4 Bxf4 51. Be8 Bxe5+ 52. Kc4 Bg3 53.
Bxf7 Bxh4 54. Bxg6 Be1 55. Bxh5 e5 56. Bf3 Bd2 57. Be4 Be1 58. Kb5 Kd8 59. Kb6
Bf2+ 60. Ka6 Bd4 61. b5 Bc3 62. b6 1-0

[Event "Lansing (MI Op/1b/8)"]
[Site "?"]
[Date "1996.??.??"]
[Round "?"]
[White "Mazuchowski, Tom"]
[Black "Williams, Ken"]
[Result "1-0"]
[WhiteElo "2140"]
[BlackElo "1905"]
[PlyCount "57"]
[EventDate "1996.??.??"]

1. e4 c5 2. Nf3 Nc6 3. d4 cxd4 4. Nxd4 g6 5. Be2 Bg7 6. Nb3 Nf6 7. Nc3 d6 8.
O-O O-O 9. Kh1 Be6 10. Bg5 a6 11. f4 b5 12. a3 Rc8 13. f5 Bd7 14. Qd2 Ne5 15.
Bh6 Nc4 16. Bxc4 Rxc4 17. Bxg7 Kxg7 18. Nd4 Qb6 19. Rad1 Rfc8 20. Rf3 h6 21.
Qf2 Qb7 22. fxg6 fxg6 23. Rf1 Be8 24. Rxf6 exf6 25. Qxf6+ Kh7 26. Ne6 R4c7 27.
Nxc7 Qxc7 28. Nd5 Qg7 29. Qe6 1-0

[Event "Flint (MI Senior/3/1)"]
[Site "?"]
[Date "1996.??.??"]
[Round "?"]
[White "Mazuchowski, Tom"]
[Black "Lehotzky, Attila"]
[Result "1-0"]
[WhiteElo "2185"]
[BlackElo "1945"]
[PlyCount "123"]
[EventDate "1996.??.??"]

{3/(1)} 1. e4 d6 2. d4 Nf6 3. Nc3 g6 4. Nf3 Bg7 5. h3 b6 6. Be3 Bb7 7. Bd3 c5
8. d5 Ba6 9. Bxa6 Nxa6 10. Nd2 Nc7 11. a4 Nd7 12. O-O b5 13. axb5 Bxc3 14. bxc3
Nxb5 15. Qe2 Nc7 16. Bh6 f6 17. f4 Nb6 18. c4 Qd7 19. e5 dxe5 20. fxe5 f5 21.
e6 Qd8 22. Qe5 Rg8 23. Bf4 g5 24. Qxf5 Nxe6 25. Qxe6 Rg6 26. Qe5 gxf4 27. Qh8+
Kd7 28. Qxd8+ Kxd8 29. Rxf4 Ke8 30. Ra5 Nd7 31. Ne4 Rb6 32. Nxc5 Nxc5 33. Rxc5
a5 34. Rb5 Rba6 35. Rf1 a4 36. Ra1 a3 37. Rb3 Kd7 38. c5 Ra5 39. c4 Rxc5 40.
Raxa3 Rxa3 41. Rxa3 Rxc4 42. Ra6 h5 43. Rh6 h4 44. Kf2 Rd4 45. Ke3 Rb4 46. Rg6
Rb5 47. Rg4 Rxd5 48. Rxh4 Rf5 49. Re4 e6 50. g4 Rf1 51. Rf4 Rh1 52. Rf3 Kd6 53.
Kf2 Kd5 54. Kg2 Rb1 55. g5 e5 56. h4 e4 57. Rf8 e3 58. Re8 Kd4 59. g6 Rb6 60.
h5 Rb5 61. Kf3 Rxh5 62. g7 1-0

[Event "Lansing (MI Op/5/11)"]
[Site "?"]
[Date "1996.??.??"]
[Round "?"]
[White "Mazuchowski, Tom"]
[Black "Kulbacki, James"]
[Result "1/2-1/2"]
[WhiteElo "2140"]
[BlackElo "1915"]
[PlyCount "61"]
[EventDate "1996.??.??"]

{5/(11)} 1. e4 e6 2. d3 b5 3. a4 b4 4. Nf3 Bb7 5. Nbd2 c5 6. g3 d5 7. Bg2 Nf6
8. Qe2 Be7 9. O-O O-O 10. Re1 Nc6 11. e5 Nd7 12. Nf1 Qc7 13. Bf4 Ba6 14. h4 Qb6
15. N1h2 c4 16. dxc4 Bxc4 17. Qd2 Nc5 18. Be3 Qc7 19. Bxc5 Bxc5 20. Ng4 Rad8
21. Qg5 Kh8 22. Qh5 f5 23. exf6 gxf6 24. Rxe6 Nd4 25. Rxf6 Nxf3+ 26. Bxf3 Qxg3+
27. Kh1 Qh3+ 28. Kg1 Rxf6 29. Nxf6 Qg3+ 30. Kh1 Qh3+ 31. Kg1 1/2-1/2

[Event "Flint (MI Senior/1/2)"]
[Site "?"]
[Date "1996.??.??"]
[Round "?"]
[White "Mazuchowski, Tom"]
[Black "Hencir, Edward"]
[Result "1-0"]
[WhiteElo "2185"]
[BlackElo "1680"]
[PlyCount "119"]
[EventDate "1996.??.??"]

{1/(2)} 1. e4 c5 2. Nc3 e6 3. Nge2 a6 4. g3 d6 5. Bg2 Nd7 6. O-O Ngf6 7. d3 Be7
8. f4 O-O 9. h3 Re8 10. g4 Nf8 11. Ng3 Qc7 12. a4 N6d7 13. g5 b6 14. h4 Bb7 15.
Be3 Rac8 16. h5 Nb8 17. f5 d5 18. Bf4 Bd6 19. Qg4 Bxf4 20. Rxf4 d4 21. Nce2
exf5 22. Nxf5 Nc6 23. Nh6+ gxh6 24. gxh6+ Ng6 25. hxg6 hxg6 26. Raf1 Ne5 27.
Qg3 Kh7 28. Rh4 Qe7 29. Nf4 Rc7 30. Nh5 Rec8 31. Nf6+ Kh8 32. h7 Nd7 33. Nxd7
Rxd7 34. Bh3 Rd6 35. Rhf4 Rf8 36. Qf2 f6 37. Qg3 Kxh7 38. Rh4+ Kg7 39. Bf5 Rg8
40. Bxg6 Kf8 41. Kf2 Rd8 42. Rg1 Bc8 43. Qf4 Qe5 44. Qxe5 fxe5 45. Rh5 Rd6 46.
Bf5 Rf6 47. Rxg8+ Kxg8 48. Kg3 Bxf5 49. exf5 Kg7 50. Kf3 Rh6 51. Rxh6 Kxh6 52.
Ke4 Kg7 53. Kxe5 b5 54. axb5 axb5 55. Kd5 c4 56. Kxd4 cxd3 57. Kxd3 Kf6 58. Ke4
b4 59. c4 bxc3 60. bxc3 1-0

[Event "Lansing (MI Op/3/9)"]
[Site "?"]
[Date "1996.??.??"]
[Round "?"]
[White "Mazuchowski, Tom"]
[Black "Dangremond, Leonard"]
[Result "1-0"]
[WhiteElo "2140"]
[BlackElo "1980"]
[PlyCount "95"]
[EventDate "1996.??.??"]

{3/(9)} 1. e4 e5 2. Nc3 Nf6 3. g3 Nc6 4. Bg2 Be7 5. Nge2 O-O 6. O-O d6 7. d3
Bd7 8. h3 Rb8 9. Kh2 Kh8 10. f4 b5 11. f5 b4 12. Nb1 a5 13. g4 Ne8 14. Nd2 Bg5
15. Nf3 Bxc1 16. Rxc1 Na7 17. Ng3 c5 18. Rf2 Nc6 19. c3 Nc7 20. c4 Na6 21. Ne2
Nd4 22. Nexd4 cxd4 23. g5 f6 24. g6 h6 25. Kg1 Nc5 26. Bf1 a4 27. Nh2 Re8 28.
Qh5 Re7 29. Rg2 Qf8 30. Rg4 a3 31. b3 Kg8 32. Rh4 Ra8 33. Qd1 Rb8 34. Rc2 Bc6
35. Rg2 Rbb7 36. Rgg4 Qb8 37. Rh5 Kf8 38. Rgh4 Ke8 39. Ng4 Kd8 40. Qd2 Be8 41.
Be2 Qa7 42. Bd1 Na6 43. Kf1 Nc5 44. Bc2 Na6 45. Nxh6 gxh6 46. Qxh6 Rg7 47. Qh8
Nc5 48. Rh7 1-0

[Event "Lansing (MI Op/7/7)"]
[Site "?"]
[Date "1996.??.??"]
[Round "?"]
[White "Mazuchowski, Tom"]
[Black "Aldrich, Jeff"]
[Result "1-0"]
[WhiteElo "2140"]
[BlackElo "1935"]
[PlyCount "93"]
[EventDate "1996.??.??"]

{7/(7)} 1. e4 c6 2. f4 d5 3. e5 Bf5 4. d3 e6 5. Be2 Nd7 6. Be3 Be7 7. c3 Nb6 8.
Nf3 Rc8 9. Bf2 c5 10. h3 h5 11. g3 Nh6 12. Ng1 h4 13. g4 Bg6 14. Nf3 Kf8 15.
O-O c4 16. d4 Nd7 17. Nbd2 b5 18. Qe1 Be4 19. Nxe4 dxe4 20. Nd2 f5 21. exf6
Nxf6 22. g5 e3 23. Bxe3 Nd5 24. gxh6 Nxe3 25. hxg7+ Kxg7 26. Rf2 Kh6 27. Bg4
Nxg4 28. hxg4 Qd6 29. g5+ Kg7 30. Qe4 h3 31. Re1 Rc6 32. Qe5+ Qxe5 33. Rxe5 Rb6
34. a3 a6 35. Ne4 Kf7 36. Kh2 Rbb8 37. f5 exf5 38. Rfxf5+ Kg6 39. Rf3 Bd8 40.
Re6+ Kg7 41. Nd6 Rf8 42. Rxf8 Kxf8 43. Re8+ Kg7 44. Kxh3 Kg6 45. Kg4 Bc7 46.
Re6+ Kh7 47. Re7+ 1-0

[Event "Howell (US Am N/4/25)"]
[Site "?"]
[Date "1996.??.??"]
[Round "?"]
[White "Maul, Tim"]
[Black "Libby, Dan"]
[Result "0-1"]
[WhiteElo "1605"]
[BlackElo "1740"]
[PlyCount "78"]
[EventDate "1996.??.??"]

{4/(25)} 1. e4 c5 2. c3 e6 3. d4 d5 4. e5 Nc6 5. Nf3 Qb6 6. b3 Bd7 7. Be3 cxd4
8. Bxd4 Nxd4 9. Nxd4 Ne7 10. Na3 Ng6 11. Nac2 Nxe5 12. Qh5 Ng6 13. Ne3 Rc8 14.
Rc1 Bc5 15. Qd1 Bxd4 16. cxd4 Qb4+ 17. Ke2 Rxc1 18. Qxc1 Qxd4 19. Qd2 Bb5+ 20.
Ke1 Qxd2+ 21. Kxd2 Bxf1 22. Rxf1 Kd7 23. Rc1 Rc8 24. Rxc8 Kxc8 25. Kc3 Kc7 26.
g3 Kc6 27. f4 Ne7 28. Kd4 Nf5+ 29. Nxf5 exf5 30. a3 f6 31. h4 g6 32. h5 gxh5
33. a4 a5 34. Kd3 Kc5 35. Kc3 d4+ 36. Kd3 b6 37. Kd2 Kb4 38. Kd3 Kxb3 39. Kxd4
Kxa4 0-1

[Event "Howell (US Am N/1/14)"]
[Site "?"]
[Date "1996.??.??"]
[Round "?"]
[White "Maul, Tim"]
[Black "Lehotzky, Attila"]
[Result "1/2-1/2"]
[WhiteElo "1605"]
[BlackElo "1945"]
[PlyCount "109"]
[EventDate "1996.??.??"]

{1/(14)} 1. e4 e5 2. Nf3 Nc6 3. d4 exd4 4. Nxd4 Qf6 5. c3 Bc5 6. Be3 d6 7. Bc4
Ne5 8. Qe2 Nxc4 9. Qxc4 a6 10. b4 Bb6 11. O-O Qg6 12. Qd5 Nf6 13. Qg5 Nxe4 14.
Qxg6 hxg6 15. Re1 Kf8 16. Bf4 Nxc3 17. Nxc3 Bxd4 18. Nd5 Be6 19. Nxc7 Rd8 20.
Rad1 Bc3 21. Rxe6 fxe6 22. Nxe6+ Ke7 23. Nxd8 Rxd8 24. Kf1 Rd7 25. a3 Bb2 26.
Re1+ Kf6 27. Bc1 Bxc1 28. Rxc1 Ke5 29. Ke2 Kd4 30. h4 d5 31. Rc5 Ke4 32. f3+
Kf4 33. Kd3 Kg3 34. Kd4 Kxg2 35. Rxd5 Rxd5+ 36. Kxd5 Kxf3 37. Kc5 Kg4 38. Kb6
Kxh4 39. Kxb7 g5 40. Kxa6 g4 41. b5 g3 42. b6 g2 43. b7 g1=Q 44. b8=Q Qg6+ 45.
Ka5 Qf5+ 46. Qb5 Qf4 47. Kb6 Qd6+ 48. Qc6 Qxa3 49. Qe4+ Kg5 50. Qe5+ Kh6 51.
Qh2+ Kg6 52. Qc2+ Kf7 53. Qf5+ Kg8 54. Qe6+ Kf8 55. Qf5+ 1/2-1/2

[Event "Kalamazoo (Swiss/1/10)"]
[Site "?"]
[Date "1996.??.??"]
[Round "?"]
[White "Masse, David"]
[Black "Vander Horst, D."]
[Result "0-1"]
[WhiteElo "1605"]
[BlackElo "1605"]
[PlyCount "40"]
[EventDate "1996.??.??"]

{1/(10)} 1. d4 d5 2. c4 c6 3. Nc3 Nf6 4. e3 Bf5 5. Bd3 Bxd3 6. Qxd3 e6 7. Nf3
Be7 8. b3 Nbd7 9. O-O O-O 10. Bb2 Qc7 11. c5 e5 12. Rae1 e4 13. Nxe4 dxe4 14.
Qc3 exf3 15. gxf3 Nd5 16. Qc1 Bg5 17. Ba1 f5 18. Qb2 Rf6 19. e4 Qf4 20. exd5
Rh6 0-1

[Event "Kalamazoo (Mini-Swiss.3/1)"]
[Site "?"]
[Date "1996.??.??"]
[Round "?"]
[White "Masse, David"]
[Black "Schulte, Michael"]
[Result "0-1"]
[WhiteElo "1605"]
[BlackElo "1605"]
[PlyCount "120"]
[EventDate "1996.??.??"]

{3/(1)} 1. d4 d5 2. c4 e6 3. Nc3 Be7 4. Nf3 Nf6 5. e3 O-O 6. Bd3 dxc4 7. Bxc4
c5 8. O-O Nc6 9. b3 cxd4 10. exd4 Nb4 11. Bb2 Nbd5 12. Re1 Bb4 13. Rc1 Qa5 14.
Qc2 Nxc3 15. Bxc3 Bxc3 16. Qxc3 Qxc3 17. Rxc3 b6 18. Bd3 Nd5 19. Rcc1 Bb7 20.
Be4 Rab8 21. Ne5 Nb4 22. Nd7 Bxe4 23. Nxb8 Nd3 24. Rxe4 Nxc1 25. Nc6 a5 26.
Ne7+ Kh8 27. d5 exd5 28. Nxd5 Rd8 29. Re7 Kg8 30. g3 g6 31. Nxb6 Rd2 32. Ra7
Rxa2 33. b4 axb4 34. Rxa2 Nxa2 35. Na4 Nc3 36. Nb2 Kf8 37. Kf1 Ke7 38. Ke1 Ke6
39. Kd2 Kd5 40. Kd3 Ne4 41. Ke3 Nd6 42. Kd3 f6 43. f3 h5 44. Kc2 Kd4 45. Kb3
Ke3 46. Kxb4 Kxf3 47. Kc5 Ne8 48. Nd3 g5 49. Kd4 Kg2 50. Ke3 Kxh2 51. Kf3 Nd6
52. Nf2 f5 53. g4 hxg4+ 54. Nxg4+ fxg4+ 55. Kxg4 Nf7 56. Kf5 Kh3 57. Kg6 g4 58.
Kh7 Nd6 59. Kh6 g3 60. Kh5 g2 0-1

[Event "Kalamazoo (Mini-Swiss.2/1)"]
[Site "?"]
[Date "1996.??.??"]
[Round "?"]
[White "Masse, David"]
[Black "Ingles, Darrell"]
[Result "0-1"]
[WhiteElo "1605"]
[BlackElo "1605"]
[PlyCount "113"]
[EventDate "1996.??.??"]

{2/(1)} 1. d4 c5 2. e3 cxd4 3. exd4 a6 4. Nf3 d5 5. c4 e6 6. Nc3 Nf6 7. Bd3 Be7
8. O-O Qc7 9. Ne5 Nbd7 10. Bf4 Qb6 11. Nxd7 Bxd7 12. Be5 Rc8 13. b3 Qb4 14. Qc2
dxc4 15. bxc4 b5 16. Rab1 Qa5 17. c5 Bc6 18. Rfe1 g6 19. Ne4 Bxe4 20. Bxe4 O-O
21. Bb7 Rcd8 22. Re3 Nd5 23. Rh3 f6 24. Bg3 Rf7 25. c6 Bd6 26. Bxd6 Rxd6 27.
Qc5 Qxa2 28. Re1 Qd2 29. Ra1 Rd8 30. Rha3 Nc7 31. h3 Rxd4 32. R3a2 Qf4 33. Bxa6
Rc4 34. Qb6 Rc1+ 35. Rxc1 Qxc1+ 36. Kh2 Qf4+ 37. g3 Qc4 38. Rd2 Nd5 39. Qd8+
Kg7 40. Qd6 Qc3 41. Re2 Nc7 42. Rd2 Nxa6 43. Ra2 Nb4 44. Re2 Nxc6 45. Rxe6 Ne5
46. Qd5 Qb2 47. Rb6 Qxf2+ 48. Qg2 Qxg2+ 49. Kxg2 Rd7 50. Rxb5 Kf7 51. Kf2 h6
52. Rb6 Ke7 53. Ke2 h5 54. Ra6 g5 55. Ke3 g4 56. h4 Kf7 57. Kf4 $138 0-1

[Event "Kalamazoo (Mini-Swiss.3/3)"]
[Site "?"]
[Date "1996.??.??"]
[Round "?"]
[White "Masse, David"]
[Black "Higgins, Richard"]
[Result "1-0"]
[WhiteElo "1605"]
[BlackElo "1605"]
[PlyCount "111"]
[EventDate "1996.??.??"]

{3/(3)} 1. d4 d5 2. c4 c6 3. Nc3 Bf5 4. cxd5 cxd5 5. Bf4 e6 6. Nf3 Bd6 7. Bxd6
Qxd6 8. Nh4 Nf6 9. Nxf5 exf5 10. e3 O-O 11. Bd3 Ne4 12. O-O Nd7 13. f3 Ng5 14.
f4 Ne4 15. Rf3 Ndf6 16. Ne2 Ng4 17. h3 Ngf6 18. Ng3 Rae8 19. Nxf5 Qe6 20. Ng3
a6 21. a4 Re7 22. b4 Rfe8 23. a5 Qd6 24. Nf5 Qxb4 25. Nxe7+ Qxe7 26. Rc1 Nh5
27. Qe1 Nhg3 28. Rxg3 Nxg3 29. Qxg3 Qa3 30. Rd1 Qb3 31. Qe1 Rxe3 32. Qxe3 Qxd1+
33. Kh2 Qa4 34. Bc2 Qd7 35. Bb3 Kf8 36. Qe5 f6 37. Qxd5 Ke7 38. Qf7+ Kd6 39.
Qxd7+ Kxd7 40. d5 h6 41. g4 g5 42. Kg3 Kd6 43. Kf3 Kc5 44. Ke4 Kd6 45. Kf5 Kd7
46. fxg5 fxg5 47. Kg6 h5 48. Kxg5 Ke7 49. Kxh5 Kd6 50. g5 Kc7 51. g6 Kb8 52. d6
Ka7 53. d7 Kb8 54. d8=Q+ Ka7 55. Qb6+ Kb8 56. g7 1-0

[Event "Kalamazoo (Swiss/2/11)"]
[Site "?"]
[Date "1996.??.??"]
[Round "?"]
[White "Masse, David"]
[Black "Evans Sr., Thomas"]
[Result "1-0"]
[WhiteElo "1605"]
[BlackElo "1605"]
[PlyCount "37"]
[EventDate "1996.??.??"]

{2/(11)} 1. e4 e5 2. Nf3 Nc6 3. Bc4 Bc5 4. c3 Nf6 5. d4 exd4 6. cxd4 Bb6 7. Nc3
O-O 8. O-O Na5 9. Bd3 d6 10. e5 dxe5 11. dxe5 Nd7 12. Bxh7+ Kxh7 13. Ng5+ Kg8
14. Qh5 Re8 15. Qxf7+ Kh8 16. Qh5+ Kg8 17. Qh7+ Kf8 18. Qh8+ Ke7 19. Nd5# 1-0

[Event "Kalamazoo (Mini-Swiss.2/3)"]
[Site "?"]
[Date "1996.??.??"]
[Round "?"]
[White "Masse, David"]
[Black "Anthony, James"]
[Result "0-1"]
[WhiteElo "1605"]
[BlackElo "1605"]
[PlyCount "60"]
[EventDate "1996.??.??"]

{2/(3)} 1. d4 d5 2. c4 dxc4 3. e4 b5 4. Nc3 a6 5. Nf3 Nf6 6. b3 cxb3 7. axb3
Bb7 8. Bd3 e6 9. O-O Be7 10. Re1 O-O 11. Bb1 c5 12. Qc2 cxd4 13. e5 d3 14. Qd2
Ng4 15. Ne4 Nc6 16. Qf4 Nh6 17. Re3 Nb4 18. Nfg5 Bxe4 19. Qxe4 Bxg5 20. Rxd3
Nxd3 21. Bxd3 g6 22. h4 Bxc1 23. Rxc1 Nf5 24. g4 Nxh4 25. f4 Rc8 26. Rf1 Rc3
27. Rd1 Qb6+ 28. Kh1 Rd8 29. Qe1 Qb7+ 30. Be4 Rh3+ 0-1

[Event "Ann Arbor (Mini-Swiss/1/3)"]
[Site "?"]
[Date "1996.??.??"]
[Round "?"]
[White "Mason, D."]
[Black "Sobocinski, Mike"]
[Result "0-1"]
[WhiteElo "1910"]
[BlackElo "1945"]
[PlyCount "58"]
[EventDate "1996.??.??"]

{1/(3)} 1. d4 d5 2. c4 e6 3. g3 Nf6 4. Bg2 Be7 5. Nf3 O-O 6. O-O c5 7. cxd5
Nxd5 8. Nc3 Nc6 9. Nxd5 Qxd5 10. dxc5 Qxc5 11. Be3 Qh5 12. a3 e5 13. Qb3 Rb8
14. Rac1 Bh3 15. Rfe1 Bxg2 16. Kxg2 Kh8 17. h4 f5 18. Bc5 Qe8 19. Red1 f4 20.
Ng5 Bxc5 21. Rxc5 fxg3 22. fxg3 h6 23. Ne4 Qg6 24. Qe3 Rbd8 25. Rcd5 Rxd5 26.
Rxd5 Qf7 27. Rd1 Nd4 28. Nd2 Qd5+ 29. Nf3 Qc6 0-1

[Event "Ann Arbor (Mini-Swiss/3/5)"]
[Site "?"]
[Date "1996.??.??"]
[Round "?"]
[White "Mason, D."]
[Black "Smith, Mike A"]
[Result "0-1"]
[WhiteElo "1910"]
[BlackElo "1940"]
[PlyCount "70"]
[EventDate "1996.??.??"]

{3/(5)} 1. d4 Nf6 2. c4 c5 3. d5 b5 4. cxb5 a6 5. f3 g6 6. e4 d6 7. Na3 Bg7 8.
Ne2 O-O 9. Nc3 Nbd7 10. Be2 axb5 11. Naxb5 Ba6 12. O-O Ne8 13. Bg5 h6 14. Bh4
g5 15. Bf2 Nc7 16. Nxc7 Qxc7 17. Bxa6 Rxa6 18. Qe2 Qa5 19. Rfc1 Rb8 20. Be1
Rab6 21. b3 Qa6 22. Rab1 $2 Bxc3 23. Qxa6 Bd4+ 24. Bf2 Bxf2+ 25. Kxf2 Rxa6 26.
Rc2 Ne5 27. Ke3 Ra3 28. Rbc1 c4 29. f4 gxf4+ 30. Ke2 cxb3 31. Rc8+ Rxc8 32.
Rxc8+ Kg7 33. axb3 Rxb3 34. Rc7 Kf6 35. Rc2 Re3+ 0-1

[Event "Ann Arbor (Mini-Swiss/2/6)"]
[Site "?"]
[Date "1996.??.??"]
[Round "?"]
[White "Mason, D."]
[Black "Marson, Michael"]
[Result "1-0"]
[WhiteElo "1900"]
[BlackElo "1705"]
[PlyCount "75"]
[EventDate "1996.??.??"]

{2/(6)} 1. d4 Nf6 2. c4 g6 3. Nc3 d5 4. cxd5 Nxd5 5. e4 Nxc3 6. bxc3 c5 7. Be3
Bg7 8. Bb5+ Bd7 9. Bxd7+ Qxd7 10. Ne2 Nc6 11. d5 Ne5 12. f4 Ng4 13. Bxc5 O-O
14. O-O Rac8 15. Bd4 Rc4 16. Rf3 Rfc8 17. Rb1 Bxd4+ 18. cxd4 Nf6 19. Ng3 R8c7
20. h3 Qc8 21. Kh2 h5 22. Re3 Rc2 23. Re2 h4 24. Nf1 Rc1 25. Rxc1 Rxc1 26. Qd3
Rxf1 27. Rc2 Qd7 28. Qxf1 Nxe4 29. Qe1 Ng3 30. Qe5 Nf5 31. Rc7 Qd8 32. Rxb7 f6
33. Qe6+ Kg7 34. Rxa7 Qb8 35. Rxe7+ Kh6 36. d6 Nxd4 37. Qxf6 Nf5 38. Qg5# 1-0

[Event "Ann Arbor (Mini-Swiss/3/2)"]
[Site "?"]
[Date "1996.??.??"]
[Round "?"]
[White "Mason, D."]
[Black "Ashton, Jeff"]
[Result "0-1"]
[WhiteElo "1900"]
[BlackElo "1825"]
[PlyCount "60"]
[EventDate "1996.??.??"]

{3/(2)} 1. d4 Nf6 2. c4 c5 3. d5 e5 4. Nc3 d6 5. e4 Be7 6. Nf3 Nbd7 7. Be2 Nf8
8. O-O Ng6 9. Ne1 O-O 10. Nd3 a6 11. a4 Ne8 12. f4 exf4 13. Nxf4 Ne5 14. b3 Bd7
15. a5 Bf6 16. Bd2 Ng6 17. Bg4 Nxf4 18. Rxf4 Be5 19. Rf1 Nf6 20. Bxd7 Qxd7 21.
h3 Bd4+ 22. Kh1 Bxc3 23. Bxc3 Nxe4 24. Qf3 f5 25. Ra2 Rae8 26. Kg1 Nxc3 27.
Qxc3 Re5 28. Raf2 Qe7 29. Rf3 g6 30. R1f2 Re8 $138 0-1

[Event "Detroit (WCO/2/28)"]
[Site "?"]
[Date "1996.??.??"]
[Round "?"]
[White "Martinez, M."]
[Black "Goerke, Jesse"]
[Result "0-1"]
[WhiteElo "1605"]
[BlackElo "1605"]
[PlyCount "32"]
[EventDate "1996.??.??"]

{2/(28)} 1. e4 e5 2. Nf3 Nc6 3. Nc3 Nf6 4. Bc4 Bc5 5. Ng5 d5 6. Bb3 Bd7 7. O-O
Nd4 8. exd5 Bf5 9. d6 Nxb3 10. axb3 Bxd6 11. Nge4 Nxe4 12. Nxe4 Bxe4 13. d3 Bc6
14. Be3 Qh4 15. Qd2 e4 16. dxe4 Qxh2# 0-1

[Event "Detroit (WCO/3/7)"]
[Site "?"]
[Date "1996.??.??"]
[Round "?"]
[White "Martell, Raul"]
[Black "Zuniga, Jesus"]
[Result "1/2-1/2"]
[WhiteElo "1605"]
[BlackElo "1605"]
[PlyCount "80"]
[EventDate "1996.??.??"]

{3/(7)} 1. e4 e6 2. d4 d5 3. exd5 exd5 4. Bd3 Bd6 5. h3 Nf6 6. Nf3 h6 7. Be3
Be6 8. Nbd2 Nbd7 9. c3 c6 10. Qc2 Qc7 11. O-O Nb6 12. Bf5 Bxf5 13. Qxf5 Qd7 14.
Qxd7+ Nbxd7 15. Rfe1 O-O 16. Re2 Rfe8 17. Rae1 Re7 18. Kf1 Rae8 19. Nh4 Ne4 20.
Nf5 Nxd2+ 21. Rxd2 Re6 22. Nxd6 Rxd6 23. Rde2 Rde6 24. Bf4 Rxe2 25. Rxe2 Rxe2
26. Kxe2 f6 27. g4 Kf7 28. Ke3 g5 29. Bg3 Kg6 30. f4 f5 31. fxg5 hxg5 32. gxf5+
Kxf5 33. Bd6 g4 34. hxg4+ Kxg4 35. b3 a6 36. c4 dxc4 37. bxc4 Kf5 38. d5 cxd5
39. cxd5 Nf6 40. Kd4 Nd7 1/2-1/2

[Event "Lansing (MOR/5/2)"]
[Site "?"]
[Date "1996.??.??"]
[Round "?"]
[White "Martell, Raul"]
[Black "Turkalo, A."]
[Result "1-0"]
[WhiteElo "1605"]
[BlackElo "1645"]
[PlyCount "69"]
[EventDate "1996.??.??"]

{5/(2)} 1. e4 c5 2. Nf3 d6 3. d4 cxd4 4. Nxd4 Nf6 5. Nc3 a6 6. Bc4 e6 7. a3 Be7
8. Be3 O-O 9. O-O Bd7 10. Re1 Nc6 11. f4 Rc8 12. Bd3 b5 13. Qf3 Nxd4 14. Bxd4
Bc6 15. Qh3 h6 16. g4 Kh8 17. g5 Ng8 18. gxh6 f6 19. hxg7+ Kxg7 20. Kf2 e5 21.
f5 Rf7 22. Rg1+ Kf8 23. Qh8 Ke8 24. Rxg8+ Bf8 25. Be3 Kd7 26. Bh6 Qb6+ 27. Be3
Qb7 28. Rag1 Kc7 29. Bh6 Qb6+ 30. Kf1 Qb8 31. Rxf8 Rcxf8 32. Bxf8 Rxf8 33. Rg7+
Kb6 34. Qh6 Qd8 35. Qe3+ 1-0

[Event "Lansing (MOR/3/6)"]
[Site "?"]
[Date "1996.??.??"]
[Round "?"]
[White "Martell, Raul"]
[Black "Sundeen, David"]
[Result "1-0"]
[WhiteElo "1605"]
[BlackElo "1715"]
[PlyCount "73"]
[EventDate "1996.??.??"]

{3/(6)} 1. e4 e5 2. Bc4 Nf6 3. d3 Nc6 4. a3 Be7 5. Nc3 O-O 6. Be3 d6 7. h3 a6
8. Nge2 Bd7 9. Ng3 Qc8 10. Nh5 Be6 11. Nxf6+ Bxf6 12. Nd5 Bxd5 13. Bxd5 Ne7 14.
Bb3 c6 15. g4 Bh4 16. g5 Ng6 17. Qg4 Qxg4 18. hxg4 Kh8 19. Ke2 f6 20. gxf6 Rxf6
21. Rh2 Nf4+ 22. Bxf4 Rxf4 23. Rxh4 Raf8 24. Rf1 R8f6 25. f3 h6 26. Rh3 g5 27.
c3 Kg7 28. d4 b5 29. dxe5 dxe5 30. Rd1 Kf8 31. Rd7 c5 32. Bd5 h5 33. Rxh5 Ke8
34. Ra7 Rxf3 35. Rh8+ Rf8 36. Ra8+ Ke7 37. Rh7+ 1-0